• 首页
  • 本馆介绍
  • 公告通知
  • 最新文献
  • 馆藏检索
  • 电子资源
  • 读者导购
  • 参考咨询
  • 我的图书馆
  • 登录
  • 详细信息显示
  • 放入我的书架
  • 预约/预借图书
  • 作者相关作品
  • 分类相关作品
  • 丛书相关作品
  • 出版社相关作品

书目信息

  • 表格格式
  • 工作单格式
  • 卡片格式
题名:
谁主沉浮
    
 
作者: 周文琪 著
分册:  
出版信息: 郑州   中原农民出版社  1993.6
页数: 194页
开本: 20cm
丛书名: 一代伟人毛泽东丛书
单 册:
中图分类: A841.62 , A84
科图分类:
主题词:
电子资源:
ISBN: 7-80538-524-6
000 00600oam2 2200229 450
001 1575119112
005 20150124205250.06
010    @a7-80538-524-6@dCNY5.60
100    @a19941226 m y0chiy0110 ea
101 0  @achi
105    @ay 000yy
200 1  @a谁主沉浮@e毛泽东与共产国际@f周文琪著
210    @a郑州@c中原农民出版社@d1993.6
215    @a194页@d20cm
225 2  @a一代伟人毛泽东丛书
461  0 @12001 @a一代伟人毛泽东丛书
517 10 @a毛泽东与共产国际
690    @aA841.62@v5
690    @aA84@v4
701  0 @a周文琪@4著
801  0 @aCN@bTSSF@c20150124
905    @aZUCC@dA84@eJY5
    
    谁主沉浮:毛泽东与共产国际/周文琪著.-郑州:中原农民出版社,1993.6
    194页;20cm.-(一代伟人毛泽东丛书)
    
    
    ISBN 7-80538-524-6:CNY5.60
    
●
相关链接 在E读中查询图书 在五车中查询图书 在当当中查询图书 在豆瓣中查询图书


正题名:谁主沉浮     索取号:A84/JY5         预约/预借

序号 登录号 条形码 馆藏地/架位号 状态 备注
1 7843460   278434605   学院路分馆/ [索取号:A84/JY5] 在馆    
2 7843461   278434614   学院路分馆/ [索取号:A84/JY5] 在馆    
3 7843462   278434623   学院路分馆/ [索取号:A84/JY5] 在馆    
4 7843463   278434632   学院路分馆/ [索取号:A84/JY5] 在馆    
唐山师范学院图书馆 欢迎您!
大连网信软件有限公司© 版权所有